| 000 | 00415nam a2200145 4500 | ||
|---|---|---|---|
| 999 |
_c804 _d804 |
||
| 008 | 191220b ||||| |||| 00| 0 eng d | ||
| 082 | 0 | 0 |
_a926.2 _bG4481 |
| 100 |
_9310 _aGibson, A. H. |
||
| 245 | 1 | 0 |
_aOsborne Reynolds and his Work in Hydraulics and Hydrodynamics _cby A H Gibson |
| 250 | _a1st ed. | ||
| 260 |
_aLondon _bLongmans Green & Co. _c1946 |
||
| 300 | _a33 p. | ||
| 650 | 0 | _aOsborne Reynolds | |
| 942 |
_2ddc _cBK |
||